Clase Social, Medio Familiar e Inteligencia /

Сохранить в:
Библиографические подробности
Главный автор: Lautrey, Jacques (autor)
Формат:
Язык:испанский
Серии:(Aprendizaje Visor ; 26)
Предметы:
Метки: Добавить метку
Нет меток, Требуется 1-ая метка записи!

MARC

LEADER 00000nam^a2200000^a^4500
001 000035253
005 20250521000000.0
009 20260310085308.733
020 |a 84-7522-626-4 
037 |a Acervo ITESO - Biblioteca 
041 |a ESP 
082 |a 370. 19  |b LAU 
100 |a Lautrey, Jacques  |e (autor) 
245 1 0 |a Clase Social, Medio Familiar e Inteligencia /  |c J. Lautrey; tr. por: Rosana Royo. 
264 |a Madrid, España :  |b Visor,  |c 1985 
300 |a 216 p. 
336 |a texto  |b txt  |2 rdacontenido 
337 |a sin mediación  |b n  |2 rdamedio 
338 |a volumen  |b nc  |2 rdasoporte 
440 1 |a (Aprendizaje Visor ;  |v 26) 
649 |a XX 
650 |a Sociología de la Educación 
650 |a Familia 
650 |a Familia 
650 |a Sociología de la Educación 
650 |a Sociología de la Educación 
650 |a Inteligencia 
910 |a Fondo General 
920 |a Impresos - Libros 
930 |a Colección General 
905 |a 101 
901 |a 0352530100  |b IT1  |c ACC  |i 035253  |u 20250521 
902 |a https://opac.biblio.iteso.mx/vufind/Record/000035253